Expert Data Structures with C++ (Record no. 7209)

MARC details
000 -LEADER
fixed length control field 00440nam a2200169Ia 4500
008 - FIXED-LENGTH DATA ELEMENTS--GENERAL INFORMATION
fixed length control field 221030s9999 xx 000 0 und d
020 ## - INTERNATIONAL STANDARD BOOK NUMBER
ISBN 8187522038
041 ## - LANGUAGE CODE
Language code of text/sound track or separate title
082 ## - DEWEY DECIMAL CLASSIFICATION NUMBER
Classification number 105.23
Item number Pat
100 ## - MAIN ENTRY--AUTHOR NAME
Personal name R. B. Patel
245 #0 - TITLE STATEMENT
Title Expert Data Structures with C++
Statement of responsibility, etc by R. B. Patel, M. M. S. Rauthan
260 ## - PUBLICATION, DISTRIBUTION, ETC. (IMPRINT)
Name of publisher Khanna Pub.
Place of publication New Delhi
Year of publication 1999
300 ## - PHYSICAL DESCRIPTION
Number of Pages 658
650 ## - SUBJECT ADDED ENTRY--TOPICAL TERM
Topical Term BE Computer
700 ## - ADDED ENTRY--PERSONAL NAME
Personal name M. M. S. Rauthan
942 ## - ADDED ENTRY ELEMENTS (KOHA)
Koha item type Books
Holdings
Accession Number Cost, normal purchase price Full call number Price effective from Koha item type Withdrawn / writtenoff status Materials specified (bound volume or other part) Damaged status Not for loan Permanent Location Current Location Shelving location Date acquired Lost/ Missing status department
BE 3467 250.00 105.23 Pat 10/30/2022 Books   Print     MIET Library, Jammu MIET Library, Jammu BL-Academic Block - A, FL-1, CUP-90, SH-3, R-3 03/30/2001   BE
BE 1022 250.00 105.23 Pat 10/30/2022 Books   Print   Not For Loan MIET Library, Jammu MIET Library, Jammu BL-Second, FL-1, CUP-58, SH-1, R-1 02/10/2000   BE